[Event "Helsingor Xtracon op"]
[Site "Helsingor"]
[Date "2016.07.26"]
[Round "5"]
[White "Shehzad, Kasher"]
[Black "Risting, Eivind Olav"]
[Result "0-1"]
[WhiteElo "1656"]
[BlackElo "2376"]
[PlyCount "80"]
[EventDate "2016.07.23"]
[EventType "swiss"]
[EventRounds "10"]
[EventCountry "DEN"]
[SourceTitle "CBM 173 Extra"]
[Source "ChessBase"]
[SourceDate "2016.08.29"]
[SourceVersion "1"]
[SourceVersionDate "2016.08.29"]
[SourceQuality "1"]

1. e4 b6 2. d4 Bb7 3. Bd3 e6 4. Ne2 Nf6 5. Bg5 h6 6. Bxf6 Qxf6 7. Nbc3 Bb4 8. Qd2 0-0 9. e5 Qd8 10. a3 Bxc3 11. Nxc3 d6 12. f4 dxe5 13. fxe5 Qh4+ 14. g3 Qh5 15. Be2 Qg5 16. Qxg5 hxg5 17. 0-0 a6 18. Bf3 Bxf3 19. Rxf3 Nc6 20. Ne2 Ne7 21. g4 Rad8 22. c3 c5 23. Rd1 Rd7 24. Rfd3 Rfd8 25. Kf2 f6 26. exf6 gxf6 27. Ng3 Kf7 28. Ne4 Kg6 29. h3 f5 30. Ng3 f4 31. Ne4 e5 32. Kf3 exd4 33. cxd4 Nc6 34. Kf2 Nxd4 35. b4 c4 36. Rc3 Re7 37. Rxc4 Rxe4 38. Rd3 Kf6 39. Rdxd4 Rexd4 40. Rc6+ R8d6 0-1

[Event "Politiken Cup 37th"]
[Site "Helsingor"]
[Date "2015.07.26"]
[Round "2"]
[White "Shehzad, Kasher"]
[Black "Rasmussen, Jonas H"]
[Result "0-1"]
[WhiteElo "1563"]
[BlackElo "1852"]
[PlyCount "80"]
[EventDate "2015.07.25"]
[EventType "swiss"]
[EventRounds "10"]
[EventCountry "DEN"]
[SourceTitle "CBM 167 Extra"]
[Source "ChessBase"]
[SourceDate "2015.09.14"]
[SourceVersion "1"]
[SourceVersionDate "2015.09.14"]
[SourceQuality "1"]

1. e4 e5 2. Nf3 Nc6 3. Bc4 Bc5 4. c3 Nf6 5. d4 exd4 6. cxd4 Bb4+ 7. Bd2 Bxd2+ 8. Nbxd2 d6 9. Qb3 0-0 10. Bd3 Nh5 11. 0-0 Nf4 12. Rfe1 Re8 13. Bc4 Qf6 14. e5 dxe5 15. dxe5 Qe7 16. Qe3 Ng6 17. Bb5 Bd7 18. Nc4 Ncxe5 19. Bxd7 Nxf3+ 20. Kh1 Nxe1 21. Bxe8 Rxe8 22. Rxe1 Kf8 23. g3 Qd7 24. Qc5+ Kg8 25. Rxe8+ Qxe8 26. Qxc7 Qe4+ 27. Kg1 h6 28. Nd6 Qf3 29. Nxb7 Qd1+ 30. Kg2 Qd5+ 31. Kg1 Qxa2 32. Nd6 Qd5 33. Nc8 Qe4 34. Nxa7 Ne5 35. h4 Nf3+ 36. Kf1 Nd2+ 37. Kg1 Qe1+ 38. Kh2 Qxf2+ 39. Kh3 Qf1+ 40. Kg4 Qf3+ 0-1

[Event "Fagernes Norsk op-B"]
[Site "Fagernes"]
[Date "2015.03.29"]
[Round "3"]
[White "Shehzad, Kasher"]
[Black "Lund, Gunnar"]
[Result "0-1"]
[WhiteElo "1589"]
[BlackElo "1719"]
[PlyCount "80"]
[EventDate "2015.03.29"]
[EventType "swiss"]
[EventRounds "9"]
[EventCountry "NOR"]
[SourceTitle "EXT 2016"]
[Source "ChessBase"]
[SourceDate "2015.10.08"]
[SourceVersion "1"]
[SourceVersionDate "2015.10.08"]
[SourceQuality "1"]

1. e4 c5 2. Nf3 d6 3. d4 cxd4 4. Nxd4 Nf6 5. Nc3 a6 6. Be3 e6 7. Bd3 Be7 8. f4 b5 9. a3 Bb7 10. Qe2 Nbd7 11. Nf3 Nc5 12. h3 Ncxe4 13. Nxe4 Nxe4 14. Bxe4 Bxe4 15. Bd4 Bxf3 16. Qxf3 0-0 17. 0-0 Bf6 18. Bxf6 Qxf6 19. b3 Rac8 20. Rac1 Rc7 21. c4 bxc4 22. bxc4 Qd4+ 23. Kh2 Rxc4 24. Rxc4 Qxc4 25. f5 exf5 26. Qxf5 Qc5 27. Qf3 h6 28. a4 Qe5+ 29. g3 Qd4 30. Qb3 d5 31. Rd1 Qc4 32. Qe3 Rb8 33. Rd2 Qxa4 34. Rxd5 Re8 35. Qd3 Qa2+ 36. Qd2 Re2+ 37. Qxe2 Qxe2+ 38. Kg1 Qe3+ 39. Kh2 Qf2+ 40. Kh1 Qf3+ 0-1

[Event "Fagernes Norsk op-B"]
[Site "Fagernes"]
[Date "2015.03.29"]
[Round "9"]
[White "Taranger, Rune"]
[Black "Shehzad, Kasher"]
[Result "1-0"]
[WhiteElo "1736"]
[BlackElo "1589"]
[PlyCount "111"]
[EventDate "2015.03.29"]
[EventType "swiss"]
[EventRounds "9"]
[EventCountry "NOR"]
[SourceTitle "EXT 2016"]
[Source "ChessBase"]
[SourceDate "2015.10.08"]
[SourceVersion "1"]
[SourceVersionDate "2015.10.08"]
[SourceQuality "1"]

1. e4 c5 2. c4 Nc6 3. Nc3 e6 4. g3 b6 5. Bg2 Bb7 6. Nge2 Nge7 7. 0-0 g6 8. d3 Bg7 9. Be3 0-0 10. Qd2 Nd4 11. f4 d6 12. g4 f5 13. g5 Nec6 14. h4 a6 15. Ng3 Qe8 16. Kh2 b5 17. Rh1 bxc4 18. dxc4 Nb4 19. Bxd4 Bxd4 20. Nce2 Nc6 21. exf5 e5 22. Nxd4 cxd4 23. Bd5+ Kh8 24. f6 Nd8 25. f5 Bxd5 26. cxd5 Ra7 27. fxg6 hxg6 28. Qc2 Rg8 29. Kg2 Rh7 30. Rh2 Qf7 31. Qe4 Qb7 32. Kf3 Nf7 33. Rah1 Qd7 34. Qd3 Qb7 35. Qe4 a5 36. b3 Qb4 37. Qd3 Qc5 38. Qc4 Qb6 39. Ke4 Qb7 40. Rh3 Qd7 41. Qf1 Qg4+ 42. Kd3 Rc8 43. Ne4 Qd7 44. Kd2 Qc7 45. Qd3 Qb7 46. h5 Rxh5 47. Rxh5+ gxh5 48. Rxh5+ Kg8 49. Nxd6 Qb4+ 50. Kd1 Rc1+ 51. Kxc1 Qc3+ 52. Qxc3 dxc3 53. Nxf7 Kxf7 54. Rh7+ Kg6 55. Rg7+ Kf5 56. f7 1-0

[Event "Sandnes CC-ch"]
[Site "Sandnes"]
[Date "2015.02.03"]
[Round "1"]
[White "Shehzad, Kasher"]
[Black "Steinskog, Tom"]
[Result "1-0"]
[WhiteElo "1315"]
[BlackElo "1236"]
[PlyCount "99"]
[EventDate "2015.02.03"]
[EventType "swiss"]
[EventRounds "7"]
[EventCountry "NOR"]
[SourceTitle "EXT 2017"]
[Source "ChessBase"]
[SourceDate "2016.10.25"]
[SourceVersion "1"]
[SourceVersionDate "2016.10.25"]
[SourceQuality "1"]

1. d4 d5 2. c4 Nf6 3. Nc3 c6 4. Bd2 e6 5. e3 Be7 6. Bd3 dxc4 7. Bxc4 b5 8. Be2 h6 9. Bf3 Bb7 10. Nge2 0-0 11. 0-0 Nbd7 12. Qc1 Nb6 13. Qc2 Rc8 14. Ng3 Qd7 15. Nce4 Nbd5 16. Nc5 Bxc5 17. dxc5 Rcd8 18. Ba5 Rde8 19. Rad1 Qc8 20. Rd2 e5 21. Ne4 Nxe4 22. Bxe4 f5 23. Bf3 e4 24. Bh5 Re6 25. Be2 Qe8 26. Rfd1 Qe7 27. g3 Qg5 28. Kh1 h5 29. h4 Qg6 30. Rg1 Qe8 31. Bc3 Rh6 32. Bd4 Nf6 33. Qc3 Qe7 34. Be5 Nd5 35. Qd4 Bc8 36. Bd6 Qf6 37. Bxf8 Qxd4 38. Rxd4 Kxf8 39. f3 exf3 40. Bxf3 Be6 41. e4 fxe4 42. Rxe4 Ke7 43. Rge1 Kd7 44. Bxh5 Bf5 45. Bg4 Bxg4 46. Rxg4 g6 47. Rge4 Rh5 48. Re6 Rh6 49. Rd6+ Kc7 50. Ree6 1-0

[Event "Sandnes Hast op"]
[Site "Sandnes"]
[Date "2014.09.02"]
[Round "6"]
[White "Shehzad, Kasher"]
[Black "Sinnes, Daniel"]
[Result "1-0"]
[WhiteElo "1280"]
[BlackElo "974"]
[PlyCount "45"]
[EventDate "2014.09.02"]
[EventType "swiss"]
[EventRounds "7"]
[EventCountry "NOR"]
[SourceTitle "EXT 2017"]
[Source "ChessBase"]
[SourceDate "2016.10.25"]
[SourceVersion "1"]
[SourceVersionDate "2016.10.25"]
[SourceQuality "1"]

1. Nf3 d5 2. d4 Nf6 3. Bg5 e6 4. c4 Be7 5. Nc3 c6 6. e3 0-0 7. Bd3 h6 8. Bh4 Nbd7 9. h3 Qc7 10. g4 Bb4 11. a3 Bxc3+ 12. bxc3 b6 13. g5 hxg5 14. Bxg5 dxc4 15. Bxc4 Nh7 16. Bf4 Qd8 17. h4 c5 18. Rg1 Bb7 19. Bh6 Bxf3 20. Qxf3 Qxh4 21. Bxg7 Ng5 22. Bf6 Nxf6 23. Qxf6 1-0